| 000 | 00450nam a2200157 i 4500 | ||
|---|---|---|---|
| 001 | 87864 | ||
| 003 | ES-MaACL | ||
| 007 | t| | ||
| 008 | 041227s1945 sp ||||1| spa d | ||
| 100 | 1 |
_aLacasia Aspurz, León. _969343 |
|
| 245 | 1 | 0 |
_aGuía del apicultor / _cLeón Lacasia Aspurz. |
| 250 | _a2ª ed. | ||
| 260 |
_aPamplona : _b[s.n.], _c1952 ( _fImp. La Acción Social) |
||
| 300 |
_a340 p. : _bil. ; _c21 cm. |
||
| 852 |
_aES-MaACL _jC-5775 _bR.34087 |
||
| 999 |
_c87864 _d87864 |
||